Phonétique française pour hispanophones

Gorde:
Xehetasun bibliografikoak
Egile nagusia: Companys, Emmanuel (Egilea)
Formatua: Liburua
Hizkuntza:frantsesa
Argitaratua: París Hachette et Larousse 1966
Saila:Français dans le Monde
Gaiak:
Etiketak: Etiketa erantsi
Etiketarik gabe, Izan zaitez lehena erregistro honi etiketa jartzen!

MARC

LEADER 00000nam a2200000 a 4500
001 UCQ2833
003 CL-VaPUC
008 980731e19660000FR |||||||||||||||||fre|d
082 0 4 |a 441.52  |b COM  |2 21 
100 0 |a Companys, Emmanuel  |e author  |9 416916 
245 1 0 |a Phonétique française pour hispanophones 
300 |a 141 p 
942 |c BK 
945 |d 19980731 00:00:00  |a crobeson 
260 |a París  |b Hachette et Larousse  |c 1966 
650 7 |a FRANCES  |2 CL-VaPUC  |9 259059 
650 0 |a Fonética  |9 308371 
650 7 |a PRONUNCIACION  |2 CL-VaPUC  |9 371723 
650 0 |a Enseñanza de idiomas  |9 339820 
650 0 |a Educación lingüística  |9 306506 
583 |a last modification  |c 19980731 00:00:00  |k Rodrigo Vera 
490 0 |a Français dans le Monde 
999 |c 273598  |d 273596 
952 |0 0  |1 0  |4 0  |6 441_520000000000000_COM_1966  |7 0  |8 A  |9 309350  |a BIBEDU  |b BIBEDU  |d 2019-11-20  |i 1451715  |o 441.52 COM 1966  |p 1451715  |r 2019-11-20  |w 2019-11-20  |y BK  |k LIT